| 000 | 00259 a2200121 4500 | ||
|---|---|---|---|
| 999 |
_c328113 _d328113 |
||
| 001 | 93040 | ||
| 003 | NUST | ||
| 005 | 20180120135255.0 | ||
| 008 | 180120b xxu||||| |||| 00| 0 eng d | ||
| 082 | _a370/ASH | ||
| 100 |
_aAshfaq Ahmad _93162 |
||
| 245 | _aZavia Vol;03 | ||
| 260 |
_alahore _bsang-e-meil _c2007 |
||
| 300 | _a320P. | ||
| 942 |
_aNUST-CAE _cBK _k370/ASH _2ddc |
||